<?xml version="1.0" encoding="UTF-8"?><?xml-stylesheet type="text/xsl" href="static/style.xsl"?><OAI-PMH xmlns="http://www.openarchives.org/OAI/2.0/" xmlns:xsi="http://www.w3.org/2001/XMLSchema-instance" xsi:schemaLocation="http://www.openarchives.org/OAI/2.0/ http://www.openarchives.org/OAI/2.0/OAI-PMH.xsd"><responseDate>2026-04-13T02:03:24Z</responseDate><request verb="GetRecord" identifier="oai:www.recercat.cat:2117/77564" metadataPrefix="marc">https://recercat.cat/oai/request</request><GetRecord><record><header><identifier>oai:recercat.cat:2117/77564</identifier><datestamp>2025-07-22T23:47:47Z</datestamp><setSpec>com_2072_1033</setSpec><setSpec>col_2072_452951</setSpec></header><metadata><record xmlns="http://www.loc.gov/MARC21/slim" xmlns:dcterms="http://purl.org/dc/terms/" xmlns:xsi="http://www.w3.org/2001/XMLSchema-instance" xmlns:doc="http://www.lyncode.com/xoai" xsi:schemaLocation="http://www.loc.gov/MARC21/slim http://www.loc.gov/standards/marcxml/schema/MARC21slim.xsd">
   <leader>00925njm 22002777a 4500</leader>
   <datafield ind2=" " ind1=" " tag="042">
      <subfield code="a">dc</subfield>
   </datafield>
   <datafield ind2=" " ind1=" " tag="720">
      <subfield code="a">Ybáñez Gil, Sergio</subfield>
      <subfield code="e">author</subfield>
   </datafield>
   <datafield ind2=" " ind1=" " tag="260">
      <subfield code="c">2014-06</subfield>
   </datafield>
   <datafield ind2=" " ind1=" " tag="520">
      <subfield code="a">El objetivo principal de este proyecto es proponer mejoras para una empresa del sector cosmético sobre los departamentos, el personal, así como de los procesos de trabajo, materias primas utilizadas y productos fabricados.&#xd;
Como procesos de trabajo se han analizado los procesos básicos que intervienen en una empresa industrial: entrada de mercancías, procesos de producción, salida de mercancías y trazabilidad de producto. De esta manera el lector puede hacerse una rápida idea de cómo trabaja la empresa y qué procesos establecidos tiene para ejecutar su principal actividad comercial.&#xd;
Asimismo, para orientar las ideas propuestas y definir más a fondo la empresa, la memoria también incluye el análisis contable, el cual consta del análisis de las masas patrimoniales, el análisis financiero y el análisis económico. A lo largo de este capítulo se adjuntan y se analizan los principales estados contables de la explotación (Balance de Situación y Cuenta de Resultados) y se determinan los costes fijos y variables y el punto de equilibrio del negocio.&#xd;
En vistas de la crítica situación económico-financiera de la empresa (beneficio neto del último ejercicio aproximadamente del -15% sobre el valor de los ingresos anuales) el gerente ha decidido realizar una inversión de capital. Al ser la inversión de tal envergadura (aproximadamente del 35% de los ingresos anuales) se ha considerado imprescindible estudiar su impacto económico. En este estudio se analiza el Balance de Situación y se realiza el cálculo de ratios financieros una vez hecha la inversión de capital.&#xd;
El proyecto propone una reorganización de la empresa, en la que se incluyen cambios como modificación/creación de departamentos, despido/contrato de personal y la reducción de las instalaciones alquiladas. En cuanto a los procesos, se han propuesto mejoras como pueden ser el uso de un software ERP (Enterprise Resource Planning) para la expedición de pedidos o el cambio de formato de documentos para la trazabilidad de producto con el fin de que sean más útiles y más fáciles de interpretar. Por último se propone la reducción del número de materias primas a utilizar y la reformulación de un producto conflictivo de la empresa.&#xd;
El ahorro para el primer año que aportan las propuestas elaboradas para le empresa es de 14.674,22€, siendo necesaria una inversión de capital de 77.630,50€. En cambio, a partir del segundo año, el ahorro anual asciende a 100.426,48€.</subfield>
   </datafield>
   <datafield tag="653" ind2=" " ind1=" ">
      <subfield code="a">Àrees temàtiques de la UPC::Economia i organització d'empreses</subfield>
   </datafield>
   <datafield tag="653" ind2=" " ind1=" ">
      <subfield code="a">Cosmetics industry</subfield>
   </datafield>
   <datafield tag="653" ind2=" " ind1=" ">
      <subfield code="a">Process control</subfield>
   </datafield>
   <datafield tag="653" ind2=" " ind1=" ">
      <subfield code="a">Industrial efficiency</subfield>
   </datafield>
   <datafield tag="653" ind2=" " ind1=" ">
      <subfield code="a">Product management</subfield>
   </datafield>
   <datafield tag="653" ind2=" " ind1=" ">
      <subfield code="a">Production control</subfield>
   </datafield>
   <datafield tag="653" ind2=" " ind1=" ">
      <subfield code="a">Cosmètics -- Indústria i comerç</subfield>
   </datafield>
   <datafield tag="653" ind2=" " ind1=" ">
      <subfield code="a">Control de processos</subfield>
   </datafield>
   <datafield tag="653" ind2=" " ind1=" ">
      <subfield code="a">Eficiència industrial</subfield>
   </datafield>
   <datafield tag="653" ind2=" " ind1=" ">
      <subfield code="a">Gestió de productes</subfield>
   </datafield>
   <datafield tag="653" ind2=" " ind1=" ">
      <subfield code="a">Producció -- Control</subfield>
   </datafield>
   <datafield ind2="0" ind1="0" tag="245">
      <subfield code="a">Estudio y propuestas de mejora del diseño a nivel productivo en una empresa del sector cosmético</subfield>
   </datafield>
</record></metadata></record></GetRecord></OAI-PMH>